The victorian age in literature / (Record no. 51267)

MARC details
000 -LEADER
campo de control de longitud fija 00718nam a2200205 i 4500
001 - NÚMERO DE CONTROL
campo de control 51267
003 - IDENTIFICADOR DE NÚMERO DE CONTROL
campo de control ES-MaACL
005 - FECHA Y HORA DE LA ÚLTIMA TRANSACCIÓN
campo de control 20240524062948.0
007 - CAMPO FIJO DE DESCRIPCIÓN FÍSICA--INFORMACIÓN GENERAL
campo de control de longitud fija t|
008 - DATOS DE LONGITUD FIJA--INFORMACIÓN GENERAL
campo de control de longitud fija 030812s1914 xxk |||| | eng d
100 0# - ENTRADA PRINCIPAL--NOMBRE DE PERSONA
Nombre de persona Chesterton, G. K.,
Fechas asociadas al nombre 1874-1936
9 (RLIN) 38399
245 14 - MENCIÓN DEL TÍTULO
Título The victorian age in literature /
Mención de responsabilidad, etc. by G.K. Chesterton.
260 ## - PUBLICACIÓN, DISTRIBUCIÓN, ETC.
Lugar de publicación, distribución, etc. London :
Nombre del editor, distribuidor, etc. Williams and Norgate,
Fecha de publicación, distribución, etc. [1914] (
Fabricante Richard Clay and Sons)
300 ## - DESCRIPCIÓN FÍSICA
Extensión 256, 8 p. ;
Dimensiones 17 cm.
490 1# - MENCIÓN DE SERIE
Mención de serie Home University Library of Modern Knowledge
650 #4 - PUNTO DE ACCESO ADICIONAL DE MATERIA--TÉRMINO DE MATERIA
Término de materia o nombre geográfico como elemento de entrada Literatura inglesa-
Subdivisión cronológica S.XIX-
Subdivisión general Historia y crítica.
9 (RLIN) 168415
830 0# - PUNTO DE ACCESO ADICIONAL DE SERIE-TÍTULO UNIFORME
Título uniforme Home University Library of Modern Knowledge
9 (RLIN) 182346
852 ## - LOCALIZACIÓN
Ubicación ES-MaACL
Número de control de estantería C-2726
Holdings
Estatus retirado Estado de pérdida Estado de daño No para préstamo Biblioteca de origen Biblioteca actual Ubicación en estantería Fecha de adquisición Fuente de adquisición Total de préstamos Signatura topográfica completa Código de barras Visto por última vez Precio de reemplazo Tipo de ítem Koha
        Biblioteca del Ateneo de Madrid Biblioteca del Ateneo de Madrid Sala Palomar 17/01/2008     C-2726 1053920 23/02/2023 23/02/2023 Libro impreso